000 00525cam a2200205ua 4500
001 5272
008 120306n ii |||gr||||Z||||||eng
020 _a81-7581-080-7
040 _cMAIN
082 _a821
100 _aWordsworth, William,
_eAuthor,
245 1 1 _aSelect poems
_cby William Wordsworth
250 _a17th.
260 _aNew Delhi:
_bRama brothers,
_c2002.
300 _a303p:
_c23cm.
653 _aEnglish poetry
700 _aMukherjee, S. K.,
_eEditor,
700 _aPaul, Rajinder,
_eEditor,
942 _cBK
999 _c4454
_d4454